<?xml version="1.0" encoding="UTF-8"?>
<record
    xmlns:xsi="http://www.w3.org/2001/XMLSchema-instance"
    xsi:schemaLocation="http://www.loc.gov/MARC21/slim http://www.loc.gov/standards/marcxml/schema/MARC21slim.xsd"
    xmlns="http://www.loc.gov/MARC21/slim">

  <leader>00489nam a22001457a 4500</leader>
  <controlfield tag="005">20180129113308.0</controlfield>
  <controlfield tag="008">180129b        xxu||||| |||| 00| 0 eng d</controlfield>
  <datafield tag="040" ind1=" " ind2=" ">
    <subfield code="c">PK-LaUMT</subfield>
  </datafield>
  <datafield tag="082" ind1=" " ind2=" ">
    <subfield code="a">PKAC 015</subfield>
    <subfield code="b">MAT-F</subfield>
  </datafield>
  <datafield tag="100" ind1=" " ind2=" ">
    <subfield code="a">Mateen Hashmi , Muhammad</subfield>
  </datafield>
  <datafield tag="245" ind1=" " ind2=" ">
    <subfield code="a">Fehrist e Makhtootat (&#x641;&#x6C1;&#x631;&#x633;&#x62A; &#x645;&#x62E;&#x637;&#x648;&#x637;&#x627;&#x62A; &#x639;&#x631;&#x628;&#x6CC; &#x641;&#x627;&#x631;&#x633;&#x6CC;)</subfield>
    <subfield code="c">Muhammad Mateen Hashmi </subfield>
  </datafield>
  <datafield tag="260" ind1=" " ind2=" ">
    <subfield code="a">&#x644;&#x627;&#x6C1;&#x648;&#x631;&#x61B;</subfield>
    <subfield code="b">&#x645;&#x631;&#x6A9;&#x632;&#x6CC; &#x62A;&#x62D;&#x642;&#x6CC;&#x642; &#x62F;&#x6CC;&#x627;&#x644; &#x633;&#x646;&#x6AF;&#x6BE; &#x679;&#x631;&#x633;&#x679; &#x644;&#x627;&#x6CC;&#x628;&#x631;&#x6CC;&#x631;&#x6CC;&#x60C;</subfield>
    <subfield code="c">[ ]</subfield>
  </datafield>
  <datafield tag="300" ind1=" " ind2=" ">
    <subfield code="a">391</subfield>
  </datafield>
  <datafield tag="942" ind1=" " ind2=" ">
    <subfield code="c">BK</subfield>
  </datafield>
  <datafield tag="999" ind1=" " ind2=" ">
    <subfield code="c">102365</subfield>
    <subfield code="d">102365</subfield>
  </datafield>
  <datafield tag="952" ind1=" " ind2=" ">
    <subfield code="0">0</subfield>
    <subfield code="1">0</subfield>
    <subfield code="4">0</subfield>
    <subfield code="7">0</subfield>
    <subfield code="a">01</subfield>
    <subfield code="b">01</subfield>
    <subfield code="d">2018-01-29</subfield>
    <subfield code="l">0</subfield>
    <subfield code="o">PKAC 015 MAT-F</subfield>
    <subfield code="p">118397</subfield>
    <subfield code="r">2018-01-29 00:00:00</subfield>
    <subfield code="t">V-2</subfield>
    <subfield code="w">2018-01-29</subfield>
    <subfield code="y">BK</subfield>
  </datafield>
  <datafield tag="952" ind1=" " ind2=" ">
    <subfield code="0">0</subfield>
    <subfield code="1">0</subfield>
    <subfield code="4">0</subfield>
    <subfield code="7">0</subfield>
    <subfield code="a">01</subfield>
    <subfield code="b">01</subfield>
    <subfield code="d">2018-01-29</subfield>
    <subfield code="l">0</subfield>
    <subfield code="o">PKAC 015 MAT-F</subfield>
    <subfield code="p">118400</subfield>
    <subfield code="r">2018-01-29 00:00:00</subfield>
    <subfield code="t">V-4</subfield>
    <subfield code="w">2018-01-29</subfield>
    <subfield code="y">BK</subfield>
  </datafield>
  <datafield tag="952" ind1=" " ind2=" ">
    <subfield code="0">0</subfield>
    <subfield code="1">0</subfield>
    <subfield code="4">0</subfield>
    <subfield code="7">0</subfield>
    <subfield code="a">01</subfield>
    <subfield code="b">01</subfield>
    <subfield code="d">2018-01-29</subfield>
    <subfield code="l">0</subfield>
    <subfield code="o">PKAC 015 MAT-F</subfield>
    <subfield code="p">118399</subfield>
    <subfield code="r">2018-01-29 00:00:00</subfield>
    <subfield code="t">V-5</subfield>
    <subfield code="w">2018-01-29</subfield>
    <subfield code="y">BK</subfield>
  </datafield>
  <datafield tag="952" ind1=" " ind2=" ">
    <subfield code="0">0</subfield>
    <subfield code="1">0</subfield>
    <subfield code="4">0</subfield>
    <subfield code="7">0</subfield>
    <subfield code="a">01</subfield>
    <subfield code="b">01</subfield>
    <subfield code="d">2018-01-29</subfield>
    <subfield code="l">0</subfield>
    <subfield code="o">PKAC 015 MAT-F</subfield>
    <subfield code="p">118401</subfield>
    <subfield code="r">2018-01-29 00:00:00</subfield>
    <subfield code="t">V-3</subfield>
    <subfield code="w">2018-01-29</subfield>
    <subfield code="y">BK</subfield>
  </datafield>
  <datafield tag="952" ind1=" " ind2=" ">
    <subfield code="0">0</subfield>
    <subfield code="1">0</subfield>
    <subfield code="4">0</subfield>
    <subfield code="7">0</subfield>
    <subfield code="a">01</subfield>
    <subfield code="b">01</subfield>
    <subfield code="d">2018-01-29</subfield>
    <subfield code="l">0</subfield>
    <subfield code="o">PKAC 015 MAT-F</subfield>
    <subfield code="p">118398</subfield>
    <subfield code="r">2018-01-29 00:00:00</subfield>
    <subfield code="w">2018-01-29</subfield>
    <subfield code="y">BK</subfield>
  </datafield>
</record>
